Métodos de laboratorio en Microbiología / (Record no. 78532)

MARC details
000 -LEADER
campo de control de longitud fija 00701nam a2200205 i 4500
001 - NÚMERO DE CONTROL
campo de control 78532
003 - IDENTIFICADOR DE NÚMERO DE CONTROL
campo de control ES-MaACL
005 - FECHA Y HORA DE LA ÚLTIMA TRANSACCIÓN
campo de control 20230906173734.0
007 - CAMPO FIJO DE DESCRIPCIÓN FÍSICA--INFORMACIÓN GENERAL
campo de control de longitud fija t|
008 - DATOS DE LONGITUD FIJA--INFORMACIÓN GENERAL
campo de control de longitud fija 041014s1968 sp |||| | spa d
100 1# - ENTRADA PRINCIPAL--NOMBRE DE PERSONA
Nombre de persona Harrigan, W. F.
9 (RLIN) 61895
245 10 - MENCIÓN DEL TÍTULO
Título Métodos de laboratorio en Microbiología /
Mención de responsabilidad, etc. W.F. Harrigan and Margaret E. McCance ; traducido por Isabel García Acha y por Julio Rodríguez Villanueva.
260 ## - PUBLICACIÓN, DISTRIBUCIÓN, ETC.
Lugar de publicación, distribución, etc. León :
Nombre del editor, distribuidor, etc. Academia,
Fecha de publicación, distribución, etc. [1968]
300 ## - DESCRIPCIÓN FÍSICA
Extensión XII, 426 p. ;
Dimensiones 23 cm.
650 04 - PUNTO DE ACCESO ADICIONAL DE MATERIA--TÉRMINO DE MATERIA
Término de materia o nombre geográfico como elemento de entrada Microbiología.
9 (RLIN) 15023
700 1# - ENTRADA AGREGADA--NOMBRE PERSONAL
Nombre de persona MacCance, Margaret E.
9 (RLIN) 75076
700 1# - ENTRADA AGREGADA--NOMBRE PERSONAL
Nombre de persona García Acha, Isabel.
9 (RLIN) 54115
700 1# - ENTRADA AGREGADA--NOMBRE PERSONAL
Nombre de persona Rodríguez Villanueva, Julio.
9 (RLIN) 98862
852 ## - LOCALIZACIÓN
Ubicación ES-MaACL
Número de control de estantería C-34566
Holdings
Estatus retirado Estado de pérdida Estado de daño No para préstamo Biblioteca de origen Biblioteca actual Ubicación en estantería Fecha de adquisición Fuente de adquisición Total de préstamos Signatura topográfica completa Código de barras Visto por última vez Precio de reemplazo Tipo de ítem Koha
        Biblioteca del Ateneo de Madrid Biblioteca del Ateneo de Madrid Depósito 2 17/01/2008     C-34566 1082141 23/02/2023 23/02/2023 Libro impreso